[Event "Mumbai Wealth op 3rd"]
[Site "Mumbai"]
[Date "2018.01.06"]
[Round "8"]
[White "Dixit, Nikhil"]
[Black "Udeshi, Aditya"]
[Result "1-0"]
[WhiteElo "2132"]
[BlackElo "2420"]
[PlyCount "87"]
[EventDate "2017.12.30"]
[EventType "swiss"]
[EventRounds "9"]
[EventCountry "IND"]
[SourceTitle "CBM 182 Extra"]
[Source "ChessBase"]
[SourceDate "2018.02.23"]
[SourceVersion "1"]
[SourceVersionDate "2018.02.23"]
[SourceQuality "1"]

1. e4 c5 2. Nf3 d6 3. Bb5+ Bd7 4. Bxd7+ Nxd7 5. 0-0 Ngf6 6. Re1 e6 7. c3 Be7 8. d4 cxd4 9. cxd4 d5 10. e5 Ne4 11. Re2 Qb6 12. Ne1 f5 13. exf6 Bxf6 14. Nc2 0-0 15. Nc3 Nxc3 16. bxc3 Rac8 17. Qd3 Qa6 18. Qxa6 bxa6 19. Bd2 Kf7 20. Rae1 Rc6 21. f4 g6 22. Nb4 Rb6 23. Nd3 a5 24. Ne5+ Bxe5 25. fxe5 Kg7 26. Bg5 Rfb8 27. Rf2 Rf8 28. Rc2 h6 29. Be7 Rf7 30. Bd8 Rb5 31. a4 Rb3 32. c4 dxc4 33. d5 Nc5 34. Bf6+ Kh7 35. Rxc4 Nd3 36. Rc8 g5 37. dxe6 Rfb7 38. Rf1 Rb8 39. Rxb8 Rxb8 40. e7 Kg6 41. Rd1 Nf4 42. Rd8 Rb1+ 43. Kf2 Rb2+ 44. Ke3 1-0

[Event "Mumbai Wealth op 3rd"]
[Site "Mumbai"]
[Date "2018.01.04"]
[Round "6"]
[White "Pradeep, Kumar RA"]
[Black "Udeshi, Aditya"]
[Result "1/2-1/2"]
[WhiteElo "2236"]
[BlackElo "2420"]
[PlyCount "88"]
[EventDate "2017.12.30"]
[EventType "swiss"]
[EventRounds "9"]
[EventCountry "IND"]
[SourceTitle "CBM 182 Extra"]
[Source "ChessBase"]
[SourceDate "2018.02.23"]
[SourceVersion "1"]
[SourceVersionDate "2018.02.23"]
[SourceQuality "1"]

1. Nf3 Nf6 2. c4 b6 3. g3 c5 4. Bg2 Bb7 5. 0-0 g6 6. Nc3 Bg7 7. d3 0-0 8. e4 d6 9. Ne1 Nc6 10. Nc2 Ne8 11. Be3 Nc7 12. d4 a6 13. Na4 cxd4 14. Nxd4 b5 15. cxb5 axb5 16. Nxc6 Bxc6 17. Nb6 Ra6 18. Qc2 Bb7 19. a4 bxa4 20. Rxa4 Rxa4 21. Qxa4 Ne6 22. Nd5 Nc5 23. Qa7 Bxd5 24. exd5 Bxb2 25. Rb1 Bf6 26. Bh3 Qa8 27. Bxc5 dxc5 28. Qxc5 Rd8 29. Rd1 Qa4 30. Rd3 Qa1+ 31. Bf1 Qe5 32. Rd1 Kg7 33. Qc4 Qd6 34. Bg2 Qe5 35. Qe4 Qc3 36. Qd3 Qc5 37. Qe3 Qc2 38. Qd3 Qc5 39. Qe3 Qd6 40. Qe4 Rb8 41. Rb1 Rc8 42. Qa4 Qc5 43. Rd1 Qb6 44. Be4 Qc5 1/2-1/2

[Event "Maharashtra-chT KO"]
[Site "Pune"]
[Date "2016.06.14"]
[Round "1.1"]
[White "Narayanan, Srinath"]
[Black "Udeshi, Aditya"]
[Result "1-0"]
[WhiteElo "2481"]
[BlackElo "2420"]
[PlyCount "59"]
[EventDate "2016.06.14"]
[EventType "team-k.o."]
[EventRounds "3"]
[EventCountry "IND"]
[SourceTitle "CBM 173 Extra"]
[Source "ChessBase"]
[SourceDate "2016.08.29"]
[SourceVersion "1"]
[SourceVersionDate "2016.08.29"]
[SourceQuality "1"]
[WhiteTeam "Jalgaon Batlers"]
[BlackTeam "Pune Sangli Navigators"]
[WhiteTeamCountry "IND"]
[BlackTeamCountry "IND"]

1. e4 d5 2. exd5 Qxd5 3. Nc3 Qd8 4. d4 Nf6 5. Nf3 Bg4 6. h3 Bxf3 7. Qxf3 c6 8. Be3 e6 9. 0-0-0 Nbd7 10. Kb1 Be7 11. g4 Nb6 12. Bc1 a5 13. g5 Nfd5 14. Ne4 a4 15. c4 Nc7 16. h4 a3 17. b3 Bb4 18. h5 Qe7 19. h6 g6 20. Nf6+ Kf8 21. Bf4 Ne8 22. Be5 Ra5 23. c5 Nd5 24. Nxd5 cxd5 25. Bxh8 Qxg5 26. Be5 Bxc5 27. Qc3 Qf5+ 28. Bd3 Qxf2 29. dxc5 Rxc5 30. Qd4 1-0

[Event "IND-chT League"]
[Site "Pune"]
[Date "2016.06.12"]
[Round "3.1"]
[White "Karavade, Eesha"]
[Black "Udeshi, Aditya"]
[Result "1-0"]
[WhiteElo "2409"]
[BlackElo "2420"]
[PlyCount "177"]
[EventDate "2016.06.11"]
[EventType "team-tourn"]
[EventRounds "5"]
[EventCountry "IND"]
[SourceTitle "CBM 172 Extra"]
[Source "ChessBase"]
[SourceDate "2016.06.21"]
[SourceVersion "1"]
[SourceVersionDate "2016.06.21"]
[SourceQuality "1"]
[WhiteTeam "Pune TruMasters"]
[BlackTeam "Pune Sangli Navigators"]
[WhiteTeamCountry "IND"]
[BlackTeamCountry "IND"]

1. d4 Nf6 2. c4 e6 3. Nc3 Bb4 4. Qc2 d6 5. Nf3 0-0 6. Bd2 Nbd7 7. a3 Bxc3 8. Bxc3 Qe7 9. e3 b6 10. Be2 Bb7 11. 0-0 Ne4 12. Be1 f5 13. Rd1 Ndf6 14. Nd2 Nxd2 15. Bxd2 Ne4 16. Bc1 Rf6 17. f3 Ng5 18. e4 f4 19. e5 dxe5 20. dxe5 Qc5+ 21. Kh1 Qxe5 22. Bd3 Rh6 23. Rde1 Qf6 24. c5 Bd5 25. Bc4 c6 26. Bxd5 exd5 27. Qa4 Rf8 28. Qxa7 bxc5 29. Qxc5 Nf7 30. Qe7 Qf5 31. Bd2 Qh5 32. Bxf4 Rf6 33. Bg3 Rg6 34. Kg1 d4 35. b4 Qd5 36. Qe4 Qd7 37. Rd1 Rd8 38. Bh4 Re8 39. Qxd4 Qf5 40. Bg3 h5 41. Qf4 Qc8 42. Rfe1 Rf8 43. Qh4 Qf5 44. Qf4 Qc8 45. Qd4 Qf5 46. Qf4 Qc8 47. Qc4 Kh7 48. Qh4 Qf5 49. Re4 Rh6 50. Qf4 Qc8 51. Qe3 Rg6 52. Re7 Ng5 53. Re5 Rf5 54. Rxf5 Qxf5 55. Kh1 Qc2 56. Re1 Qc4 57. Qf2 Nf7 58. h3 Nh6 59. Be5 Nf5 60. Kh2 Re6 61. f4 h4 62. Qf3 Kh6 63. Qg4 Qd3 64. Rd1 Qc2 65. Rd8 Kh7 66. Qh5+ Nh6 67. Qd1 Qf2 68. Qd3+ Rg6 69. Qf3 Qe1 70. Bc3 Qb1 71. Qd3 Qc1 72. Be5 Qe1 73. Rh8+ Kxh8 74. Qxg6 Nf5 75. Qe8+ Kh7 76. Qh5+ Kg8 77. Qe8+ Kh7 78. Qh5+ Kg8 79. Qg5 Qf2 80. a4 Qc2 81. a5 Kf7 82. a6 Ne3 83. Qxg7+ Ke6 84. Qf6+ Kd5 85. Qd6+ Ke4 86. Qd4+ Kf5 87. Qxe3 Qa2 88. a7 Kg6 89. Qe4+ 1-0

[Event "IND-chT League"]
[Site "Pune"]
[Date "2016.06.11"]
[Round "1.2"]
[White "Padmini, Rout"]
[Black "Udeshi, Aditya"]
[Result "0-1"]
[WhiteElo "2433"]
[BlackElo "2420"]
[PlyCount "96"]
[EventDate "2016.06.11"]
[EventType "team-tourn"]
[EventRounds "5"]
[EventCountry "IND"]
[SourceTitle "CBM 172 Extra"]
[Source "ChessBase"]
[SourceDate "2016.06.21"]
[SourceVersion "1"]
[SourceVersionDate "2016.06.21"]
[SourceQuality "1"]
[WhiteTeam "Thane Combatants"]
[BlackTeam "Pune Sangli Navigators"]
[WhiteTeamCountry "IND"]
[BlackTeamCountry "IND"]

1. e4 d5 2. exd5 Qxd5 3. Nc3 Qa5 4. d4 Nf6 5. Nf3 Bf5 6. Bc4 e6 7. Bd2 Bb4 8. 0-0 Nc6 9. Bb5 Bxc3 10. Bxc6+ bxc6 11. Bxc3 Qd5 12. Ne5 a5 13. f3 0-0 14. Qe2 Rfd8 15. a4 c5 16. Rfd1 Nd7 17. g4 Bg6 18. Nxg6 hxg6 19. dxc5 Qxc5+ 20. Qf2 Qc6 21. Qd4 Nf6 22. Qf2 Rxd1+ 23. Rxd1 Qxa4 24. Qd4 Qxd4+ 25. Rxd4 Nd5 26. Bd2 Nb6 27. Kf2 Kf8 28. Rd3 a4 29. Bb4+ Ke8 30. g5 Nd5 31. Bd2 Rb8 32. Bc1 Rb4 33. Ra3 Rc4 34. c3 Kd7 35. Bd2 Kc6 36. Ra1 Kb5 37. Rh1 Rc6 38. Ra1 Ra6 39. Ra3 Nb6 40. b3 axb3 41. Rxb3+ Kc6 42. Rb4 Ra2 43. Ke2 Nd5 44. Rc4+ Kb5 45. Rd4 Nxc3+ 46. Kd3 Nd5 47. h4 c5 48. Re4 c4+ 0-1

[Event "IND-chT League"]
[Site "Pune"]
[Date "2014.06.13"]
[Round "4.3"]
[White "Thejkumar, MS."]
[Black "Udeshi, Aditya"]
[Result "1-0"]
[WhiteElo "2435"]
[BlackElo "2420"]
[PlyCount "81"]
[EventDate "2014.06.11"]
[EventType "team-tourn"]
[EventRounds "5"]
[EventCountry "IND"]
[SourceTitle "CBM 160 Extra"]
[Source "ChessBase"]
[SourceDate "2014.07.01"]
[SourceVersion "1"]
[SourceVersionDate "2014.07.01"]
[SourceQuality "1"]
[WhiteTeam "Pune Attackers"]
[BlackTeam "Pune TruMasters"]
[WhiteTeamCountry "IND"]
[BlackTeamCountry "IND"]

1. d4 Nf6 2. c4 e6 3. Nf3 c5 4. d5 exd5 5. cxd5 d6 6. Nc3 g6 7. Nd2 a6 8. a4 Nbd7 9. e4 Bg7 10. Be2 0-0 11. 0-0 Re8 12. Ra3 Rb8 13. Re1 Ne5 14. h3 g5 15. Nf1 h6 16. Ng3 Bd7 17. a5 Qc7 18. Qc2 Re7 19. Nd1 Rbe8 20. Ne3 Ng6 21. f3 Nh4 22. Bd2 Nh7 23. Bc3 Bxc3 24. Qxc3 f6 25. b4 Bc8 26. bxc5 dxc5 27. Ngf1 f5 28. Bc4 Qd6 29. Rb3 b5 30. axb6 fxe4 31. fxe4 Rxe4 32. b7 Bxh3 33. b8Q Rxb8 34. Rxb8+ Qxb8 35. d6+ Be6 36. Nf5 Nxf5 37. Rxe4 Bxc4 38. Qxc4+ Kh8 39. d7 Nf6 40. Qf7 c4 41. Re8+ 1-0

[Event "Mumbai Mayors Cup 6th"]
[Site "Mumbai"]
[Date "2013.06.04"]
[Round "9"]
[White "Udeshi, Aditya"]
[Black "Narayanan, Sunilduth Lyna"]
[Result "1-0"]
[WhiteElo "2416"]
[BlackElo "2396"]
[PlyCount "73"]
[EventDate "2013.05.29"]
[EventType "swiss"]
[EventRounds "11"]
[EventCountry "IND"]
[SourceTitle "CBM 154 Extra"]
[Source "ChessBase"]
[SourceDate "2013.06.25"]
[SourceVersion "2"]
[SourceVersionDate "2013.06.25"]
[SourceQuality "1"]

1. e4 c5 2. Nf3 d6 3. d4 cxd4 4. Nxd4 Nf6 5. Nc3 a6 6. f3 e5 7. Nb3 Be6 8. Be3 h5 9. Qd2 Nbd7 10. 0-0-0 Rc8 11. Kb1 Be7 12. g3 b5 13. Nd5 Bxd5 14. exd5 Nb6 15. Bxb6 Qxb6 16. Bh3 Rc5 17. Rhe1 h4 18. Bf1 Rc7 19. f4 e4 20. Be2 hxg3 21. hxg3 Kf8 22. g4 e3 23. Qb4 Rh4 24. g5 Ng8 25. Rd4 a5 26. Qxb5 Qxb5 27. Bxb5 f6 28. g6 Nh6 29. Nxa5 Rg4 30. Nc6 Rxg6 31. a4 Nf5 32. Rb4 Rg4 33. Bd3 Nh4 34. Rxe3 Ng2 35. Rb8+ Kf7 36. Rxe7+ Rxe7 37. Nd8+ 1-0

[Event "Mumbai Mayors Cup 6th"]
[Site "Mumbai"]
[Date "2013.06.02"]
[Round "7"]
[White "Udeshi, Aditya"]
[Black "Shivananda, BS."]
[Result "0-1"]
[WhiteElo "2416"]
[BlackElo "2382"]
[PlyCount "76"]
[EventDate "2013.05.29"]
[EventType "swiss"]
[EventRounds "11"]
[EventCountry "IND"]
[SourceTitle "CBM 154 Extra"]
[Source "ChessBase"]
[SourceDate "2013.06.25"]
[SourceVersion "2"]
[SourceVersionDate "2013.06.25"]
[SourceQuality "1"]

1. e4 e5 2. Nf3 Nf6 3. Nxe5 d6 4. Nc4 Nxe4 5. d4 d5 6. Ne3 c6 7. Nd2 Nxd2 8. Bxd2 Nd7 9. Bd3 Nf6 10. Qe2 Be6 11. f4 Qe7 12. 0-0-0 0-0-0 13. g4 Qc7 14. f5 Bd7 15. g5 Ne4 16. Bxe4 dxe4 17. Qg4 Re8 18. Nc4 h5 19. Qg1 Bxf5 20. Rf1 e3 21. Bxe3 Be4 22. Bf4 Qd7 23. d5 Qxd5 24. Qxa7 Qxc4 25. Qb8+ Kd7 26. Qc7+ Ke6 27. Qe5+ Kd7 28. Qc7+ Ke6 29. Qe5+ Kd7 30. Rd1+ Bd5 31. Qc7+ Ke6 32. Qe5+ Kd7 33. Qc7+ Ke6 34. Rhe1+ Kf5 35. Rxe8 Qxf4+ 36. Qxf4+ Kxf4 37. c4 Be6 38. g6 Kg5 0-1

[Event "Mumbai Mayors Cup 6th"]
[Site "Mumbai"]
[Date "2013.06.01"]
[Round "5"]
[White "Udeshi, Aditya"]
[Black "Andriasian, Zaven"]
[Result "0-1"]
[WhiteElo "2416"]
[BlackElo "2608"]
[PlyCount "90"]
[EventDate "2013.05.29"]
[EventType "swiss"]
[EventRounds "11"]
[EventCountry "IND"]
[SourceTitle "CBM 154 Extra"]
[Source "ChessBase"]
[SourceDate "2013.06.25"]
[SourceVersion "2"]
[SourceVersionDate "2013.06.25"]
[SourceQuality "1"]

1. e4 e5 2. Nf3 Nc6 3. Bc4 Nf6 4. d3 Bc5 5. c3 0-0 6. Bb3 h6 7. Nbd2 d5 8. Qe2 a5 9. Ba4 Re8 10. h3 Bd7 11. g4 dxe4 12. dxe4 Ne7 13. Bc2 Ng6 14. Nf1 Bc6 15. Ng3 b5 16. Bd2 Nf4 17. Qf1 a4 18. 0-0-0 Qe7 19. Kb1 g6 20. a3 Rad8 21. Ng1 Rd7 22. f3 Red8 23. Rh2 Ne8 24. h4 Nd6 25. Bc1 Nc4 26. Rxd7 Qxd7 27. h5 Kg7 28. hxg6 fxg6 29. Qe1 Nd3 30. Bxh6+ Kg8 31. Qf1 Ndxb2 32. Bc1 Nd1 33. N1e2 Nde3 34. Qh3 Qg7 35. Nf5 gxf5 36. gxf5 Rd6 37. Ng3 Be8 38. f4 exf4 39. f6 Rxf6 40. e5 Nxe5 41. Bxe3 Bxe3 42. Qc8 Qd7 43. Qa8 fxg3 44. Qg2 Rf1+ 45. Kb2 Nd3+ 0-1

[Event "Maharashtra-chT"]
[Site "Pune"]
[Date "2013.04.26"]
[Round "4"]
[White "Udeshi, Aditya"]
[Black "Mithil, Ajgaonkar"]
[Result "1-0"]
[WhiteElo "2416"]
[BlackElo "2207"]
[PlyCount "91"]
[EventDate "2013.04.24"]
[EventType "team-tourn"]
[EventRounds "5"]
[EventCountry "IND"]
[SourceTitle "CBM 154 Extra"]
[Source "ChessBase"]
[SourceDate "2013.06.25"]
[SourceVersion "2"]
[SourceVersionDate "2013.06.25"]
[SourceQuality "1"]
[WhiteTeam "Thane Combatants"]
[BlackTeam "Ahmednagar Checkers"]
[WhiteTeamCountry "IND"]
[BlackTeamCountry "IND"]

1. e4 d5 2. exd5 Qxd5 3. Nc3 Qd8 4. Nf3 Nf6 5. Bc4 e6 6. d4 Be7 7. 0-0 0-0 8. Qe2 b6 9. Bf4 Bb7 10. Rad1 Nd5 11. Nxd5 Bxd5 12. Bd3 Nd7 13. c4 Bb7 14. Bb1 Re8 15. Ne5 Nxe5 16. dxe5 Qc8 17. Qg4 c5 18. Rd3 Qc6 19. Rg3 Bf8 20. Bh6 g6 21. Bxf8 Rxf8 22. h4 Rad8 23. h5 Rd4 24. Qg5 Qe8 25. Qf6 Qd8 26. hxg6 Qxf6 27. gxh7+ Kh8 28. exf6 Be4 29. Bxe4 Rxe4 30. f4 Rxc4 31. Rg7 Rd4 32. Rf3 b5 33. Rfg3 Rdd8 34. Kf2 c4 35. Ke2 a6 36. R3g5 Rc8 37. Ke3 Rcd8 38. g4 Rc8 39. Kd4 Rfd8+ 40. Kc3 Rf8 41. Kb4 Rcd8 42. Ka5 Ra8 43. a3 Rad8 44. Rg8+ Rxg8 45. hxg8Q+ Rxg8 46. Rh5# 1-0

[Event "Maharashtra-chT"]
[Site "Pune"]
[Date "2013.04.25"]
[Round "3"]
[White "Udeshi, Aditya"]
[Black "Bakre, Tejas"]
[Result "1/2-1/2"]
[WhiteElo "2416"]
[BlackElo "2488"]
[PlyCount "114"]
[EventDate "2013.04.24"]
[EventType "team-tourn"]
[EventRounds "5"]
[EventCountry "IND"]
[SourceTitle "CBM 154 Extra"]
[Source "ChessBase"]
[SourceDate "2013.06.25"]
[SourceVersion "2"]
[SourceVersionDate "2013.06.25"]
[SourceQuality "1"]
[WhiteTeam "Thane Combatants"]
[BlackTeam "Nagpur Royals"]
[WhiteTeamCountry "IND"]
[BlackTeamCountry "IND"]

1. e4 c5 2. Nf3 Nc6 3. d4 cxd4 4. Nxd4 d6 5. Be3 g6 6. Nc3 Nxd4 7. Qxd4 Bg7 8. Qd2 Nf6 9. Bc4 0-0 10. 0-0-0 Qa5 11. Bb3 Be6 12. Kb1 Rfc8 13. f3 Bxb3 14. cxb3 b6 15. Bd4 b5 16. Rhe1 Rab8 17. Bxf6 Bxf6 18. Nd5 Qxd2 19. Nxf6+ Kg7 20. Nh5+ gxh5 21. Rxd2 f6 22. f4 Kf7 23. e5 dxe5 24. fxe5 Rd8 25. Rf2 Rd5 26. exf6 exf6 27. Rc1 Rbd8 28. Rc6 R8d6 29. Rxd6 Rxd6 30. Kc2 Kg6 31. Kc3 a5 32. a3 Kg5 33. b4 Rc6+ 34. Kb3 a4+ 35. Ka2 h4 36. h3 Re6 37. b3 axb3+ 38. Kxb3 Re3+ 39. Ka2 f5 40. a4 bxa4 41. b5 f4 42. b6 Re8 43. Ka3 Rb8 44. Rb2 f3 45. gxf3 Kf4 46. Kxa4 Kg3 47. f4 Kxh3 48. f5 Kg3 49. f6 h3 50. Kb5 h2 51. Rb1 Kg2 52. f7 h1Q 53. Rxh1 Kxh1 54. Kc6 h5 55. b7 Rf8 56. Kd6 h4 57. Ke7 Rb8 1/2-1/2

[Event "New Delhi Parsvnath op 11th"]
[Site "New Delhi"]
[Date "2013.01.06"]
[Round "3"]
[White "Udeshi, Aditya"]
[Black "Lu, Shanglei"]
[Result "0-1"]
[WhiteElo "2403"]
[BlackElo "2526"]
[PlyCount "63"]
[EventDate "2013.01.05"]
[EventType "swiss"]
[EventRounds "11"]
[EventCountry "IND"]
[SourceTitle "EXT 2014"]
[Source "ChessBase"]
[SourceDate "2013.11.20"]
[SourceVersion "1"]
[SourceVersionDate "2013.11.20"]
[SourceQuality "1"]

1. e4 c5 2. Nf3 d6 3. d4 cxd4 4. Nxd4 Nf6 5. Nc3 a6 6. Be3 Ng4 7. Bg5 h6 8. Bh4 g5 9. Bg3 Bg7 10. Be2 h5 11. Bxg4 Bxg4 12. f3 Be6 13. Qd2 Qa5 14. Bf2 Nc6 15. 0-0 Bxd4 16. Bxd4 f6 17. Rfd1 Nxd4 18. Qxd4 Rc8 19. Qe3 Kf7 20. Rd2 Qe5 21. Nd1 Rhd8 22. c3 d5 23. exd5 Rxd5 24. Rxd5 Qxd5 25. Nf2 Qc5 26. Qe4 f5 27. Qe2 Rd8 28. Kh1 Bc4 29. Qc2 e6 30. b3 Bb5 31. Re1 Qd6 32. Rd1 0-1

[Event "Kolkata op 5th"]
[Site "Kolkata"]
[Date "2012.12.11"]
[Round "9"]
[White "Paragua, Mark"]
[Black "Udeshi, Aditya"]
[Result "1-0"]
[WhiteElo "2533"]
[BlackElo "2376"]
[PlyCount "83"]
[EventDate "2012.12.03"]
[EventType "swiss"]
[EventRounds "11"]
[EventCountry "IND"]
[SourceTitle "EXT 2014"]
[Source "ChessBase"]
[SourceDate "2013.11.20"]
[SourceVersion "1"]
[SourceVersionDate "2013.11.20"]
[SourceQuality "1"]

1. e4 c5 2. Nf3 d6 3. d4 cxd4 4. Nxd4 Nf6 5. Nc3 a6 6. Be3 e5 7. Nf3 Qc7 8. a4 Be7 9. a5 0-0 10. Be2 Nbd7 11. 0-0 b5 12. axb6 Nxb6 13. Nd2 Bb7 14. Bxb6 Qxb6 15. Nc4 Qc7 16. Ne3 Rfc8 17. Ra4 a5 18. Rc4 Qb6 19. b3 Rxc4 20. Bxc4 Nxe4 21. Ncd5 Qd8 22. Nf5 Bf6 23. Qg4 Nd2 24. Nh6+ Kf8 25. Nxf7 Qc8 26. Qxc8+ Bxc8 27. Nxd6 Nxf1 28. Nb6 Rb8 29. Ndxc8 Ke8 30. Kxf1 Kd8 31. Be6 Be7 32. Na4 Bb4 33. Ncb6 Ke7 34. Bc4 Kd6 35. Nd5 Bc5 36. Ndc3 Bb4 37. Ne4+ Ke7 38. Ke2 Rb7 39. Nb2 Ra7 40. Nd3 Bd6 41. Bb5 Rc7 42. c4 1-0

[Event "Kolkata op 5th"]
[Site "Kolkata"]
[Date "2012.12.07"]
[Round "5"]
[White "Udeshi, Aditya"]
[Black "Ghosh, Diptayan"]
[Result "0-1"]
[WhiteElo "2376"]
[BlackElo "2425"]
[PlyCount "86"]
[EventDate "2012.12.03"]
[EventType "swiss"]
[EventRounds "11"]
[EventCountry "IND"]
[SourceTitle "EXT 2014"]
[Source "ChessBase"]
[SourceDate "2013.11.20"]
[SourceVersion "1"]
[SourceVersionDate "2013.11.20"]
[SourceQuality "1"]

1. e4 e6 2. d4 d5 3. Nc3 Nf6 4. Bg5 dxe4 5. Nxe4 Be7 6. Bxf6 gxf6 7. Nf3 a6 8. c4 f5 9. Nc3 Bf6 10. Qd2 c5 11. d5 0-0 12. 0-0-0 Bg7 13. h4 exd5 14. Nxd5 Nc6 15. h5 h6 16. Rh3 Nb4 17. Qf4 Nxd5 18. cxd5 Qf6 19. Rd2 Bd7 20. Rg3 Rfe8 21. Qc7 Rad8 22. Qxb7 f4 23. Rxg7+ Qxg7 24. d6 Qf6 25. Qc7 Qe6 26. Kb1 Rc8 27. Qa5 Rc6 28. Bd3 Rxd6 29. Bc2 Bc6 30. Rxd6 Qxd6 31. a3 Be4 32. Bxe4 Rxe4 33. Qc3 Qd1+ 34. Ka2 Qd5+ 35. Kb1 Re2 36. Qf6 Rxf2 37. Qxf4 Rxg2 38. Qb8+ Kh7 39. Qf4 f5 40. Ka1 Qe4 41. Qc7+ Rg7 42. Ng5+ hxg5 43. Qd6 Qh1+ 0-1

[Event "Kolkata op 5th"]
[Site "Kolkata"]
[Date "2012.12.05"]
[Round "3"]
[White "Udeshi, Aditya"]
[Black "Lintchevski, Daniil"]
[Result "1/2-1/2"]
[WhiteElo "2376"]
[BlackElo "2553"]
[PlyCount "39"]
[EventDate "2012.12.03"]
[EventType "swiss"]
[EventRounds "11"]
[EventCountry "IND"]
[SourceTitle "EXT 2014"]
[Source "ChessBase"]
[SourceDate "2013.11.20"]
[SourceVersion "1"]
[SourceVersionDate "2013.11.20"]
[SourceQuality "1"]

1. e4 c6 2. d4 d5 3. Nc3 dxe4 4. Nxe4 Bf5 5. Ng3 Bg6 6. Nh3 e6 7. Nf4 Qh4 8. c3 Nd7 9. Qf3 Ngf6 10. Nxg6 hxg6 11. Ne2 Bd6 12. g3 Qh5 13. Qxh5 Rxh5 14. Bg2 0-0-0 15. 0-0 e5 16. h4 Rhh8 17. Bg5 Nb6 18. Rad1 exd4 19. Nxd4 Na4 20. Bc1 1/2-1/2

[Event "Mumbai Mayors Cup 5th"]
[Site "Mumbai"]
[Date "2012.06.09"]
[Round "4"]
[White "Udeshi, Aditya"]
[Black "Pranav, Vijay"]
[Result "1/2-1/2"]
[WhiteElo "2352"]
[BlackElo "2174"]
[PlyCount "27"]
[EventDate "2012.06.07"]
[EventType "swiss"]
[EventRounds "11"]
[EventCountry "IND"]
[SourceTitle "CBM 148 Extra"]
[Source "ChessBase"]
[SourceDate "2012.06.22"]
[SourceVersion "1"]
[SourceVersionDate "2012.06.22"]
[SourceQuality "1"]

1. e4 c6 2. d4 d5 3. e5 Bf5 4. h4 h5 5. c4 e6 6. Nc3 Ne7 7. Nge2 dxc4 8. Ng3 Bg6 9. Bg5 Qb6 10. Qd2 Nd7 11. Bxc4 0-0-0 12. Qe3 Qb4 13. Bb3 Nb6 14. 0-0 1/2-1/2

[Event "IND-chA 49th"]
[Site "Aurangabad"]
[Date "2011.10.21"]
[Round "13"]
[White "Udeshi, Aditya"]
[Black "Krishna, C Revanth Gopala"]
[Result "0-1"]
[WhiteElo "2379"]
[BlackElo "2317"]
[PlyCount "74"]
[EventDate "2011.10.09"]
[EventType "swiss"]
[EventRounds "13"]
[EventCountry "IND"]
[SourceTitle "CBM 144 Extra"]
[Source "ChessBase"]
[SourceDate "2011.10.28"]
[SourceVersion "1"]
[SourceVersionDate "2011.10.28"]
[SourceQuality "1"]

1. e4 e6 2. d4 d5 3. Nc3 Bb4 4. Nge2 dxe4 5. a3 Be7 6. Nxe4 Nf6 7. N2g3 0-0 8. c3 Nxe4 9. Nxe4 Qd5 10. Qf3 b6 11. Bd3 Bb7 12. 0-0 Nd7 13. Qh3 f5 14. Re1 Rae8 15. Bb1 c5 16. Ba2 Qc6 17. Bg5 c4 18. Bxe7 Rxe7 19. Ng5 Nf6 20. Nf3 Qc7 21. Ne5 Bd5 22. Qe3 g5 23. Qe2 b5 24. a4 a6 25. axb5 axb5 26. Bb1 g4 27. Bc2 Qb7 28. f4 gxf3 29. gxf3 Rg7+ 30. Kf2 Nh5 31. Rg1 Nf4 32. Qf1 Kh8 33. Rg3 Rfg8 34. Ke3 Qe7 35. Rxg7 Rxg7 36. Rd1 Qg5 37. h4 Ng2+ 0-1

[Event "IND-chA 49th"]
[Site "Aurangabad"]
[Date "2011.10.15"]
[Round "7"]
[White "Udeshi, Aditya"]
[Black "Rathnakaran, Kantholi"]
[Result "1/2-1/2"]
[WhiteElo "2379"]
[BlackElo "2386"]
[PlyCount "265"]
[EventDate "2011.10.09"]
[EventType "swiss"]
[EventRounds "13"]
[EventCountry "IND"]
[SourceTitle "CBM 144 Extra"]
[Source "ChessBase"]
[SourceDate "2011.10.28"]
[SourceVersion "1"]
[SourceVersionDate "2011.10.28"]
[SourceQuality "1"]

1. e4 e6 2. d4 d5 3. Nc3 Nf6 4. Bg5 Be7 5. e5 Nfd7 6. Bxe7 Qxe7 7. f4 a6 8. Nf3 c5 9. dxc5 Nxc5 10. Bd3 b5 11. Qd2 Bb7 12. 0-0 Nbd7 13. Qe3 b4 14. Ne2 Ne4 15. Ned4 f5 16. a3 a5 17. axb4 axb4 18. Rxa8+ Bxa8 19. Ra1 0-0 20. Ra7 Rb8 21. Bb5 Bb7 22. Bc6 Nf8 23. Nb3 Qc7 24. Na5 Qc8 25. Bxb7 Qxc2 26. Ba6 Qxb2 27. Nc6 Re8 28. Bf1 Ng6 29. Rb7 Qc3 30. Qxc3 bxc3 31. Ncd4 Nxf4 32. g3 Ng6 33. Bd3 h6 34. Rc7 Nf8 35. Nb5 Ra8 36. Nxc3 Ra1+ 37. Bf1 g5 38. Ne2 g4 39. Nfd4 Nd2 40. Rc1 Rxc1 41. Nxc1 Kf7 42. Ba6 Ng6 43. Nd3 Nc4 44. Bc8 Ngxe5 45. Nxe5+ Nxe5 46. Bxe6+ Kf6 47. Bxd5 Ng6 48. Ne2 f4 49. Be4 fxg3 50. hxg3 Nf8 51. Nf4 Kg5 52. Ng2 Nd7 53. Kf2 Nf6 54. Bd3 h5 55. Ke3 Nd7 56. Kd4 Kf6 57. Ke4 Nc5+ 58. Ke3 Ne6 59. Bc4 Nf8 60. Bb5 Kg5 61. Bc4 Ng6 62. Bd3 Nf8 63. Kd4 Kf6 64. Kd5 Ne6 65. Bc2 Nc7+ 66. Ke4 Ne6 67. Bb1 Ng5+ 68. Ke3 Ne6 69. Ba2 Nf8 70. Bd5 Kg5 71. Kd4 Kf6 72. Ke3 Kg5 73. Bf7 Nd7 74. Kd4 Nf8 75. Be8 Ne6+ 76. Ke5 Nc5 77. Bb5 Nb3 78. Nf4 h4 79. Ne6+ Kh6 80. Kf4 hxg3 81. Kxg3 Kg6 82. Kxg4 Kf6 83. Bc4 Nd2 84. Ba2 Ke5 85. Kg3 Ne4+ 86. Kf3 Nc3 87. Bb3 Nd5 88. Ng5 Nf6 89. Nf7+ Kd4 90. Kf4 Nd5+ 91. Kf5 Ne3+ 92. Ke6 Nc4 93. Nd8 Kc3 94. Bd1 Kd4 95. Nc6+ Kc5 96. Bf3 Nd2 97. Bg2 Nc4 98. Nb8 Ne3 99. Bf3 Nc4 100. Na6+ Kb6 101. Nb4 Kc5 102. Nc2 Nd2 103. Bg2 Nc4 104. Kf5 Nd6+ 105. Ke5 Nc4+ 106. Ke4 Nd6+ 107. Kd3 Nf7 108. Kc3 Ne5 109. Na1 Nc6 110. Nb3+ Kd6 111. Bh1 Ne7 112. Na5 Ke5 113. Nc4+ Kf4 114. Kd4 Nf5+ 115. Kd3 Ng3 116. Bc6 Nf5 117. Bd7 Ne7 118. Ne3 Ke5 119. Kc4 Ke4 120. Nc2 Ng6 121. Bc6+ Ke5 122. Ne3 Kf4 123. Kd4 Nh4 124. Nd5+ Kg3 125. Bd7 Nf3+ 126. Ke3 Ne5 127. Bf5 Nc4+ 128. Kd4 Nd2 129. Bd3 Nf3+ 130. Ke3 Ne5 131. Be2 Ng4+ 132. Ke4 Nf2+ 133. Kf5 1/2-1/2

[Event "IND-chA 49th"]
[Site "Aurangabad"]
[Date "2011.10.12"]
[Round "4"]
[White "Udeshi, Aditya"]
[Black "Sundararajan, Kidambi"]
[Result "0-1"]
[WhiteElo "2379"]
[BlackElo "2474"]
[PlyCount "110"]
[EventDate "2011.10.09"]
[EventType "swiss"]
[EventRounds "13"]
[EventCountry "IND"]
[SourceTitle "CBM 144 Extra"]
[Source "ChessBase"]
[SourceDate "2011.10.28"]
[SourceVersion "1"]
[SourceVersionDate "2011.10.28"]
[SourceQuality "1"]

1. e4 c6 2. d4 d5 3. f3 Qb6 4. Nc3 dxe4 5. Nxe4 Bf5 6. c3 Nd7 7. Bd3 Bg6 8. Ne2 Ngf6 9. Nxf6+ gxf6 10. 0-0 e6 11. Bf4 Bg7 12. Kh1 0-0 13. Qc2 c5 14. Rfd1 Rfd8 15. dxc5 Nxc5 16. Bxg6 hxg6 17. Be3 Qc7 18. Rxd8+ Rxd8 19. Rd1 Rc8 20. Nf4 b5 21. Qf2 Na4 22. Nd3 a5 23. Bd4 e5 24. Be3 f5 25. f4 Rd8 26. fxe5 Bxe5 27. Rd2 Bg7 28. Nf4 Re8 29. h3 Re4 30. Nd5 Qe5 31. Bf4 Qe6 32. Bg3 Be5 33. Nc7 Bxg3 34. Rd8+ Kh7 35. Qxg3 Qe7 36. Re8 Qd7 37. Rb8 Nxb2 38. Rxb5 Nc4 39. Rd5 Qe7 40. Rd1 Ne3 41. Nd5 Nxd5 42. Rxd5 a4 43. Rd4 a3 44. Rxe4 fxe4 45. Qe3 Qe6 46. Qe2 e3 47. c4 Qe5 48. g4 Qb2 49. Qxe3 Qb1+ 50. Qg1 Qxa2 51. Qf1 Kg7 52. h4 Qb2 53. h5 a2 54. h6+ Kxh6 55. g5+ Kg7 0-1